Les plus grandes villes du Monde A-Z - Statistiques

Statistiques générales
  • Ce quiz a été pris 466 fois
    265 depuis la dernière actualisation
  • Le résultat moyen est 8 sur 26
Statistiques - réponses
Lettre Population Réponse % Correct
T 9 071 577 Tokyo
83%
P 21 150 000 Pekin
79%
N 8 405 837 New York
78%
J 10 988 329 Jakarta
58%
M 12 111 194 Moscou
58%
B 12 478 447 Bombay
52%
R 6 429 923 Rio De Janeiro
51%
I 14 160 467 Istanbul
43%
L 11 922 949 Le Caire
40%
S 23 654 000 Shangai
34%
Q 2 551 721 Quito
32%
W 6 886 253 Wuhan
31%
O 2 663 096 Osaka
28%
K 15 628 000 Kinshasa
26%
X 5 624 154 Xi'an
22%
A 7 776 845 Alger
19%
E 1 874 800 Erevan
14%
D 16 787 941 Dehli
13%
V 2 463 43 Vancouver
11%
G 12 600 000 Guangzhou
9%
C 32 800 000 Chongqing
8%
H 7 681 700 Hô-Chi-Minh-Ville
8%
Y 3 500 000 Yaoundé
8%
Z 4 784 000 Zhengzhou
4%
F 6 151 622 Foshan
1%
U 475 654 Udaipur
0%
Aucun quiz correspondant
Distribution des résultats
% des personnes avec chaque résultat
Percentile par nombre de réponses
Votre historique - résultats
Vous n’avez pas pris ce quiz depuis la dernière actualisation